[Event "Russian Team Championships 2014 (women)"]
[Site "Sochi (Loo)"]
[Date "2014.04.08"]
[Round "2.7"]
[White "Schepetkova, Margarita"]
[Black "Zaiatz, Elena"]
[Result "0-1"]
[LiveChessVersion "1.4.2"]
[BlackElo "2414"]
[WhiteElo "2301"]
[BlackTeam "Ladja"]
[WhiteTeam "Club Chigorin"]

1. d4 {[%clk 1:30:57]} Nf6 {[%clk 1:30:54]} 2. c4 {[%clk 1:31:23]} e6
{[%clk 1:31:20]} 3. Nc3 {[%clk 1:31:47]} Bb4 {[%clk 1:31:42]} 4. e3
{[%clk 1:32:07]} b6 {[%clk 1:31:56]} 5. Nge2 {[%clk 1:32:20]} c5 {[%clk 1:31:52]}
6. a3 {[%clk 1:32:44]} Ba5 {[%clk 1:32:17]} 7. Rb1 {[%clk 1:32:52]} Na6
{[%clk 1:32:36]} 8. g3 {[%clk 1:31:49]} Bb7 {[%clk 1:32:21]} 9. d5
{[%clk 1:31:33]} b5 {[%clk 1:31:54]} 10. Bg2 {[%clk 1:25:13]} bxc4
{[%clk 1:31:46]} 11. O-O {[%clk 1:22:25]} O-O {[%clk 1:32:02]} 12. e4
{[%clk 1:11:35]} exd5 {[%clk 1:29:22]} 13. e5 {[%clk 1:04:06]} Ng4
{[%clk 1:29:16]} 14. Bxd5 {[%clk 1:04:24]} Bc6 {[%clk 1:29:39]} 15. f4
{[%clk 0:54:03]} Nc7 {[%clk 1:27:23]} 16. Bxc6 {[%clk 0:49:00]} dxc6
{[%clk 1:27:47]} 17. h3 {[%clk 0:45:16]} Nh6 {[%clk 1:26:46]} 18. Qa4
{[%clk 0:34:30]} Bxc3 {[%clk 1:24:13]} 19. bxc3 {[%clk 0:28:29]} Qd3
{[%clk 1:20:05]} 20. Rb2 {[%clk 0:28:54]} Nd5 {[%clk 1:05:21]} 21. Qxc6
{[%clk 0:21:12]} Rac8 {[%clk 1:04:22]} 22. Qb7 {[%clk 0:17:54]} Rc7
{[%clk 0:57:59]} 23. Qa6 {[%clk 0:18:20]} Nf5 {[%clk 0:53:05]} 24. Rd2
{[%clk 0:09:27]} Qe3+ {[%clk 0:40:55]} 25. Rf2 {[%clk 0:09:54]} Nxc3
{[%clk 0:29:19]} 26. Nxc3 {[%clk 0:09:44]} Qxc3 {[%clk 0:28:49]} 27. Rc2
{[%clk 0:07:15]} Qxg3+ {[%clk 0:24:15]} 28. Rg2 {[%clk 0:07:43]} Qe1+
{[%clk 0:24:26]} 29. Kh2 {[%clk 0:08:09]} Kh8 {[%clk 0:14:36]} 30. Qxc4
{[%clk 0:07:52]} Nd4 {[%clk 0:13:47]} 31. Rcf2 {[%clk 0:08:13]} Qe4
{[%clk 0:12:29]} 32. Qc3 {[%clk 0:08:38]} Rc6 {[%clk 0:09:27]} 33. a4
{[%clk 0:07:36]} h6 {[%clk 0:08:03]} 34. Rg4 {[%clk 0:06:59]} Nf5
{[%clk 0:08:02]} 35. Rgg2 {[%clk 0:05:37]} Nd4 {[%clk 0:07:24]} 36. Rg4
{[%clk 0:06:03]} Rfc8 {[%clk 0:07:29]} 37. Qg3 {[%clk 0:04:53]} Nf5
{[%clk 0:07:14]} 38. Qb3 {[%clk 0:05:15]} c4 {[%clk 0:07:19]} 39. Qb7
{[%clk 0:05:41]} Qe1 {[%clk 0:05:16]} 40. Rfg2 {[%clk 0:35:24]} R6c7
{[%clk 0:35:29]} 41. Qb1 {[%clk 0:35:16]} Nh4 {[%clk 0:27:47]} 42. Rxh4
{[%clk 0:23:51]} Qxh4 {[%clk 0:28:12]} 43. f5 {[%clk 0:24:13]} Qe1
{[%clk 0:25:09]} 44. e6 {[%clk 0:15:22]} fxe6 {[%clk 0:25:13]} 45. fxe6
{[%clk 0:15:41]} Qxe6 {[%clk 0:23:53]} 46. Bf4 {[%clk 0:16:06]} Rf7
{[%clk 0:23:50]} 47. Qc1 {[%clk 0:14:01]} c3 {[%clk 0:19:15]} 48. Be3
{[%clk 0:14:17]} Rf3 {[%clk 0:15:52]} 49. Bd4 {[%clk 0:14:09]} Qd6+
{[%clk 0:16:15]} 0-1

[Event "Russian Team Championships 2014 (women)"]
[Site "Sochi (Loo)"]
[Date "2014.04.08"]
[Round "2.8"]
[White "Batsiashvili, Nino"]
[Black "Ivkina, Olga"]
[Result "1-0"]
[LiveChessVersion "1.4.2"]
[BlackElo "2239"]
[WhiteElo "2408"]
[BlackTeam "Club Chigorin"]
[WhiteTeam "Ladja"]

1. d4 {[%clk 1:30:56]} Nf6 {[%clk 1:30:53]} 2. c4 {[%clk 1:31:22]} g6
{[%clk 1:31:18]} 3. Nc3 {[%clk 1:31:48]} Bg7 {[%clk 1:31:43]} 4. e4
{[%clk 1:32:14]} d6 {[%clk 1:32:09]} 5. Be2 {[%clk 1:32:40]} O-O {[%clk 1:32:03]}
6. Bg5 {[%clk 1:33:07]} h6 {[%clk 1:26:11]} 7. Be3 {[%clk 1:33:06]} e5
{[%clk 1:12:39]} 8. d5 {[%clk 1:30:54]} Na6 {[%clk 1:08:26]} 9. g4
{[%clk 1:22:58]} Nc5 {[%clk 1:04:36]} 10. f3 {[%clk 1:21:48]} h5 {[%clk 1:02:01]}
11. b4 {[%clk 1:14:04]} Na6 12. a3 {[%clk 1:13:45]} hxg4 {[%clk 0:59:40]} 13. Ra2
{[%clk 1:02:06]} gxf3 {[%clk 0:46:47]} 14. Bxf3 {[%clk 1:02:23]} Ng4
{[%clk 0:38:34]} 15. Bxg4 {[%clk 1:00:27]} Qh4+ {[%clk 0:38:56]} 16. Rf2
{[%clk 1:00:25]} Bxg4 {[%clk 0:38:40]} 17. Nf3 {[%clk 0:59:44]} Qh5
{[%clk 0:35:16]} 18. h3 {[%clk 0:47:02]} f5 {[%clk 0:28:15]} 19. Kd2
{[%clk 0:42:19]} Bxf3 {[%clk 0:18:44]} 20. Rxf3 {[%clk 0:42:35]} c5
{[%clk 0:18:51]} 21. bxc5 {[%clk 0:30:21]} Nxc5 {[%clk 0:16:49]} 22. Bxc5
{[%clk 0:30:41]} dxc5 {[%clk 0:17:18]} 23. Kc2 {[%clk 0:30:50]} Rad8
{[%clk 0:12:29]} 24. Rhf1 {[%clk 0:28:57]} f4 {[%clk 0:11:39]} 25. Rd3
{[%clk 0:15:10]} Qxd1+ {[%clk 0:07:46]} 26. Nxd1 {[%clk 0:15:34]} Rd6
{[%clk 0:06:27]} 27. Nf2 {[%clk 0:14:37]} Kf7 {[%clk 0:03:53]} 28. Rb1
{[%clk 0:14:02]} b6 {[%clk 0:02:41]} 29. a4 {[%clk 0:14:22]} Ke7 {[%clk 0:02:02]}
30. Rf3 {[%clk 0:10:28]} Rh8 {[%clk 0:01:53]} 31. Kd1 {[%clk 0:10:08]} Kd7
{[%clk 0:01:23]} 32. Ke2 {[%clk 0:10:06]} Re8 {[%clk 0:01:34]} 33. a5
{[%clk 0:09:22]} Kc7 {[%clk 0:01:37]} 34. Ra3 {[%clk 0:09:43]} Kb7
{[%clk 0:01:21]} 35. Nd3 {[%clk 0:09:06]} Rc8 {[%clk 0:01:12]} 36. Rba1
{[%clk 0:06:55]} a6 {[%clk 0:00:55]} 37. Rb1 {[%clk 0:05:57]} Ka7
{[%clk 0:00:45]} 38. axb6+ {[%clk 0:02:17]} Rxb6 {[%clk 0:00:56]} 39. Raa1
{[%clk 0:01:56]} Bf6 {[%clk 0:00:47]} 40. Rxb6 {[%clk 0:31:13]} Kxb6
{[%clk 0:31:15]} 41. Rg1 {[%clk 0:28:59]} g5 {[%clk 0:28:02]} 42. h4
{[%clk 0:25:34]} Rh8 {[%clk 0:26:07]} 43. hxg5 {[%clk 0:25:27]} Bg7
{[%clk 0:22:20]} 44. Rb1+ {[%clk 0:24:56]} Ka7 {[%clk 0:19:11]} 45. Nxc5
{[%clk 0:23:30]} Bf8 {[%clk 0:19:38]} 46. Ne6 {[%clk 0:23:28]} Rh2+
{[%clk 0:19:29]} 47. Kf3 {[%clk 0:23:49]} Ba3 {[%clk 0:19:53]} 48. g6
{[%clk 0:21:29]} Rh3+ {[%clk 0:18:57]} 49. Kg4 {[%clk 0:20:54]} Rg3+
{[%clk 0:19:03]} 50. Kf5 {[%clk 0:21:13]} f3 {[%clk 0:19:15]} 51. Rf1
{[%clk 0:20:49]} 1-0

[Event "Russian Team Championships 2014 (women)"]
[Site "Sochi (Loo)"]
[Date "2014.04.09"]
[Round "3.1"]
[White "Kovalevskaya, Ekaterina"]
[Black "Bodnaruk, Anastasia"]
[Result "1/2-1/2"]
[LiveChessVersion "1.4.2"]
[BlackElo "2453"]
[WhiteElo "2424"]
[BlackTeam "Club Chigorin"]
[WhiteTeam "SHSM-Nashe nasledie"]

1. Nf3 {[%clk 1:30:57]} d5 {[%clk 1:30:41]} 2. c4 {[%clk 1:30:32]} dxc4
{[%clk 1:30:31]} 3. e3 {[%clk 1:30:43]} Be6 {[%clk 1:30:12]} 4. Na3
{[%clk 1:24:41]} Nf6 {[%clk 1:19:57]} 5. Nxc4 {[%clk 1:23:45]} Bd5
{[%clk 1:18:53]} 6. Be2 {[%clk 1:19:54]} e6 {[%clk 1:18:13]} 7. O-O
{[%clk 1:19:49]} Be7 {[%clk 1:16:08]} 8. b3 {[%clk 1:14:12]} c5 {[%clk 1:13:11]}
9. Bb2 {[%clk 1:13:36]} O-O {[%clk 1:12:26]} 10. Rc1 {[%clk 1:09:30]} Nbd7
{[%clk 1:00:13]} 11. d4 {[%clk 1:00:54]} Rc8 {[%clk 0:56:39]} 12. Bd3
{[%clk 0:52:44]} cxd4 {[%clk 0:41:31]} 13. Nxd4 {[%clk 0:44:00]} a6
{[%clk 0:35:20]} 14. a4 {[%clk 0:35:25]} g6 {[%clk 0:27:32]} 15. Bb1
{[%clk 0:27:22]} Nc5 {[%clk 0:24:04]} 16. Qe2 {[%clk 0:25:58]} b5
{[%clk 0:22:16]} 17. axb5 {[%clk 0:26:11]} axb5 {[%clk 0:22:44]} 18. Nd2
{[%clk 0:19:00]} b4 {[%clk 0:21:27]} 19. Rfd1 {[%clk 0:17:44]} Qb6
{[%clk 0:20:21]} 20. e4 {[%clk 0:12:30]} Ba8 {[%clk 0:20:37]} 21. h3
{[%clk 0:08:18]} Qb7 {[%clk 0:19:41]} 22. Re1 {[%clk 0:08:38]} Nh5
{[%clk 0:17:31]} 23. N4f3 {[%clk 0:06:19]} f6 {[%clk 0:16:48]} 24. Bd4
{[%clk 0:03:29]} e5 {[%clk 0:15:13]} 25. Be3 {[%clk 0:03:37]} Kg7
{[%clk 0:13:11]} 26. Rc4 {[%clk 0:03:34]} Ne6 {[%clk 0:12:43]} 27. Rec1
{[%clk 0:03:54]} Rcd8 {[%clk 0:11:44]} 28. Nf1 {[%clk 0:01:42]} Rd7
{[%clk 0:10:48]} 29. Qb2 {[%clk 0:01:44]} Kf7 {[%clk 0:08:58]} 30. N1h2
{[%clk 0:02:04]} Nhf4 {[%clk 0:05:29]} 31. Ng4 {[%clk 0:02:25]} Bd6
{[%clk 0:05:48]} 32. g3 {[%clk 0:02:18]} h5 {[%clk 0:04:25]} 33. Nxf6
{[%clk 0:01:09]} Nxh3+ {[%clk 0:04:13]} 34. Kg2 {[%clk 0:01:36]} Kxf6
{[%clk 0:04:27]} 35. Kxh3 {[%clk 0:02:00]} Bb8 {[%clk 0:02:32]} 36. Kg2
{[%clk 0:02:18]} Rfd8 {[%clk 0:01:26]} 37. Bd2 {[%clk 0:01:30]} Rxd2
{[%clk 0:00:48]} 38. Nxd2 {[%clk 0:01:58]} g5 {[%clk 0:00:46]} 39. Nf1
{[%clk 0:01:27]} Qh7 {[%clk 0:00:42]} 40. Ne3 {[%clk 0:30:55]} Nd4
{[%clk 0:30:48]} 41. Nd5+ {[%clk 0:22:45]} Rxd5 {[%clk 0:23:18]} 42. exd5
{[%clk 0:23:09]} Bxd5+ {[%clk 0:23:43]} 43. Kf1 {[%clk 0:13:36]} Bxc4+
{[%clk 0:18:56]} 44. Rxc4 {[%clk 0:13:59]} Qb7 {[%clk 0:18:57]} 45. Rxd4
{[%clk 0:11:09]} exd4 {[%clk 0:18:21]} 46. Qxd4+ {[%clk 0:11:36]} Kf7
{[%clk 0:09:43]} 47. Be4 {[%clk 0:09:56]} Qa6+ {[%clk 0:08:24]} 48. Kg2
{[%clk 0:10:01]} Qd6 {[%clk 0:08:17]} 49. Qh8 {[%clk 0:07:54]} h4
{[%clk 0:07:24]} 50. Qh7+ {[%clk 0:08:17]} Kf8 {[%clk 0:07:06]} 51. Qf5+
{[%clk 0:08:07]} Ke8 {[%clk 0:07:29]} 52. Qb5+ {[%clk 0:06:17]} Kf8
{[%clk 0:07:25]} 53. Qf5+ {[%clk 0:05:41]} Ke8 {[%clk 0:07:33]} 54. Qxg5
{[%clk 0:05:52]} hxg3 {[%clk 0:07:45]} 55. fxg3 {[%clk 0:04:50]} Qe5
{[%clk 0:07:21]} 56. Bc6+ {[%clk 0:03:07]} Kf8 {[%clk 0:07:34]} 57. Qxe5
{[%clk 0:03:29]} 1/2-1/2

[Event "Russian Team Championships 2014 (women)"]
[Site "Sochi (Loo)"]
[Date "2014.04.09"]
[Round "3.2"]
[White "Mammadova, Gulnar"]
[Black "Kashlinskaya, Alina"]
[Result "1/2-1/2"]
[LiveChessVersion "1.4.2"]
[BlackElo "2423"]
[WhiteElo "2323"]
[BlackTeam "SHSM-Nashe nasledie"]
[WhiteTeam "Club Chigorin"]

1. e4 {[%clk 1:30:56]} c5 {[%clk 1:30:55]} 2. Nf3 {[%clk 1:31:04]} d6
{[%clk 1:31:12]} 3. Bb5+ {[%clk 1:31:23]} Nd7 {[%clk 1:29:44]} 4. O-O
{[%clk 1:30:51]} Ngf6 {[%clk 1:27:06]} 5. Re1 {[%clk 1:31:11]} a6
{[%clk 1:26:58]} 6. Bxd7+ {[%clk 1:27:50]} Bxd7 {[%clk 1:27:14]} 7. d4
{[%clk 1:28:15]} cxd4 {[%clk 1:19:00]} 8. Nxd4 {[%clk 1:28:27]} g6
{[%clk 1:19:08]} 9. c4 {[%clk 1:27:32]} Bg7 {[%clk 1:19:17]} 10. Nc3
{[%clk 1:27:32]} O-O {[%clk 1:19:09]} 11. b3 {[%clk 1:23:08]} Qa5
{[%clk 1:07:08]} 12. Bb2 {[%clk 1:19:05]} e6 {[%clk 0:59:31]} 13. a4
{[%clk 1:15:32]} Rfd8 {[%clk 0:58:53]} 14. Rc1 {[%clk 1:07:33]} Rac8
{[%clk 0:57:19]} 15. Ba3 {[%clk 1:04:35]} Be8 {[%clk 0:52:40]} 16. h3
{[%clk 0:58:29]} Nh5 {[%clk 0:48:50]} 17. Nde2 {[%clk 0:55:11]} Qg5
{[%clk 0:44:58]} 18. Qd3 {[%clk 0:50:57]} Nf4 {[%clk 0:39:19]} 19. Nxf4
{[%clk 0:51:13]} Qxf4 {[%clk 0:39:42]} 20. Ne2 {[%clk 0:50:23]} Qe5
{[%clk 0:37:17]} 21. Rcd1 {[%clk 0:44:04]} Qa5 {[%clk 0:30:25]} 22. Qd2
{[%clk 0:39:33]} Qb6 {[%clk 0:27:53]} 23. Qb4 {[%clk 0:38:15]} Qc6
{[%clk 0:27:39]} 24. Nd4 {[%clk 0:37:04]} Qc5 {[%clk 0:26:39]} 25. Nc2
{[%clk 0:34:50]} b5 {[%clk 0:19:03]} 26. axb5 {[%clk 0:28:13]} Qxb4
{[%clk 0:14:13]} 27. Bxb4 {[%clk 0:28:25]} axb5 {[%clk 0:14:39]} 28. Na3
{[%clk 0:27:57]} bxc4 {[%clk 0:10:19]} 29. Nxc4 {[%clk 0:28:08]} Ba4
{[%clk 0:08:55]} 30. Na5 {[%clk 0:21:51]} Bc6 {[%clk 0:07:42]} 31. Rc1
{[%clk 0:18:58]} Ba8 {[%clk 0:07:33]} 32. Rxc8 {[%clk 0:16:48]} Rxc8
{[%clk 0:08:03]} 33. Bxd6 {[%clk 0:16:38]} Rc2 {[%clk 0:05:39]} 34. e5
{[%clk 0:13:50]} Bh6 {[%clk 0:06:01]} 35. Nc4 {[%clk 0:13:45]} Rc3
{[%clk 0:05:24]} 36. Nb6 {[%clk 0:13:17]} Bc6 {[%clk 0:05:26]} 37. b4
{[%clk 0:13:11]} Kg7 {[%clk 0:02:26]} 38. Be7 {[%clk 0:11:49]} Bd2
{[%clk 0:02:13]} 39. Rd1 {[%clk 0:11:00]} Bf4 {[%clk 0:02:10]} 40. Re1
{[%clk 0:38:21]} h5 {[%clk 0:30:55]} 41. h4 {[%clk 0:36:17]} 1/2-1/2

[Event "Russian Team Championships 2014 (women)"]
[Site "Sochi (Loo)"]
[Date "2014.04.09"]
[Round "3.3"]
[White "Charochkina, Daria"]
[Black "Belenkaya, Dina"]
[Result "1-0"]
[LiveChessVersion "1.4.2"]
[BlackElo "2254"]
[WhiteElo "2380"]
[BlackTeam "Club Chigorin"]
[WhiteTeam "SHSM-Nashe nasledie"]

1. e4 {[%clk 1:30:56]} c6 {[%clk 1:30:42]} 2. Nc3 {[%clk 1:31:22]} d5
{[%clk 1:30:55]} 3. Nf3 {[%clk 1:31:48]} Nf6 {[%clk 1:30:58]} 4. e5
{[%clk 1:31:03]} Ne4 {[%clk 1:31:04]} 5. Qe2 {[%clk 1:28:11]} Nxc3
{[%clk 1:30:14]} 6. dxc3 {[%clk 1:27:58]} Bg4 {[%clk 1:27:01]} 7. g3
{[%clk 0:53:28]} e6 {[%clk 1:23:07]} 8. Bg2 {[%clk 0:53:49]} Nd7 {[%clk 1:22:19]}
9. O-O {[%clk 0:54:02]} Qc7 {[%clk 1:20:01]} 10. Re1 {[%clk 0:54:25]} Be7
{[%clk 1:17:23]} 11. Bf4 {[%clk 0:48:00]} Nb6 {[%clk 1:05:00]} 12. h3
{[%clk 0:47:21]} Bh5 {[%clk 1:00:57]} 13. a4 {[%clk 0:46:14]} a5 {[%clk 0:59:45]}
14. g4 {[%clk 0:43:49]} Bg6 {[%clk 1:00:10]} 15. Nd4 {[%clk 0:43:34]} h5
{[%clk 0:57:10]} 16. g5 {[%clk 0:35:19]} Nd7 {[%clk 0:46:07]} 17. c4
{[%clk 0:30:21]} dxc4 {[%clk 0:44:18]} 18. Qxc4 {[%clk 0:30:24]} Nb6
{[%clk 0:36:04]} 19. Nxe6 {[%clk 0:29:07]} fxe6 {[%clk 0:31:57]} 20. Qxe6
{[%clk 0:29:34]} Bxc2 {[%clk 0:15:52]} 21. Rac1 {[%clk 0:29:57]} Nd5
{[%clk 0:11:57]} 22. Bh2 {[%clk 0:20:05]} Qc8 {[%clk 0:09:32]} 23. Qxc8+
{[%clk 0:18:48]} Rxc8 {[%clk 0:10:01]} 24. Rxc2 {[%clk 0:19:07]} Nb4
{[%clk 0:10:12]} 25. Rd2 {[%clk 0:15:41]} Bxg5 {[%clk 0:10:16]} 26. f4
{[%clk 0:16:06]} Bh4 {[%clk 0:09:27]} 27. Red1 {[%clk 0:16:02]} Rd8
{[%clk 0:09:12]} 28. f5 {[%clk 0:13:24]} Ke7 {[%clk 0:06:42]} 29. Rd6
{[%clk 0:13:21]} Rxd6 {[%clk 0:06:50]} 30. Rxd6 {[%clk 0:13:40]} Rd8
{[%clk 0:07:02]} 31. Re6+ {[%clk 0:13:42]} Kf8 {[%clk 0:05:59]} 32. Bf3
{[%clk 0:12:38]} Nc2 {[%clk 0:04:48]} 33. Rg6 {[%clk 0:09:56]} Ne3
{[%clk 0:04:02]} 34. f6 {[%clk 0:09:05]} gxf6 {[%clk 0:04:20]} 35. exf6
{[%clk 0:09:19]} Nd5 {[%clk 0:02:12]} 36. Be5 {[%clk 0:08:30]} Rd7
{[%clk 0:01:01]} 37. Rh6 {[%clk 0:07:01]} Bg5 {[%clk 0:01:05]} 38. Rh8+
{[%clk 0:06:18]} Kf7 {[%clk 0:01:29]} 39. Bxh5+ {[%clk 0:06:46]} Ke6
{[%clk 0:01:53]} 40. Re8+ {[%clk 0:37:05]} Kxe5 1-0

[Event "Russian Team Championships 2014 (women)"]
[Site "Sochi (Loo)"]
[Date "2014.04.09"]
[Round "3.4"]
[White "Ivkina, Olga"]
[Black "Savina, Anastasia"]
[Result "0-1"]
[LiveChessVersion "1.4.2"]
[BlackElo "2389"]
[WhiteElo "2239"]
[BlackTeam "SHSM-Nashe nasledie"]
[WhiteTeam "Club Chigorin"]

1. e4 {[%clk 1:30:57]} c5 {[%clk 1:30:50]} 2. Nf3 {[%clk 1:31:11]} Nc6
{[%clk 1:31:01]} 3. Bb5 {[%clk 1:30:58]} Nf6 {[%clk 1:31:06]} 4. e5
{[%clk 1:22:46]} Nd5 {[%clk 1:31:11]} 5. Nc3 {[%clk 1:22:56]} Nc7
{[%clk 1:30:42]} 6. Bxc6 {[%clk 1:16:56]} dxc6 {[%clk 1:31:06]} 7. d3
{[%clk 1:16:58]} Bg4 {[%clk 1:29:34]} 8. h3 {[%clk 1:15:53]} Bh5 {[%clk 1:29:10]}
9. g4 {[%clk 1:11:31]} Bg6 {[%clk 1:29:28]} 10. Be3 {[%clk 1:11:55]} e6
{[%clk 1:27:39]} 11. Ne4 {[%clk 1:04:56]} c4 {[%clk 1:19:19]} 12. Bg5
{[%clk 0:46:37]} Qd7 {[%clk 1:17:04]} 13. O-O {[%clk 0:38:43]} cxd3
{[%clk 1:13:52]} 14. cxd3 {[%clk 0:39:12]} h6 {[%clk 0:59:06]} 15. Bh4
{[%clk 0:39:24]} Nd5 {[%clk 0:51:45]} 16. Qa4 {[%clk 0:39:42]} h5
{[%clk 0:45:06]} 17. Qd4 {[%clk 0:34:44]} c5 {[%clk 0:36:10]} 18. Nxc5
{[%clk 0:29:18]} Bxc5 {[%clk 0:35:33]} 19. Qxc5 {[%clk 0:29:46]} Nf4
{[%clk 0:34:04]} 20. gxh5 {[%clk 0:20:31]} Bxh5 {[%clk 0:27:03]} 21. Nd2
{[%clk 0:15:16]} Bg6 {[%clk 0:16:03]} 22. Nf3 {[%clk 0:12:15]} Nxh3+
{[%clk 0:10:30]} 23. Kh2 {[%clk 0:12:42]} Ng5 {[%clk 0:05:38]} 24. Nxg5
{[%clk 0:11:38]} Rxh4+ {[%clk 0:06:06]} 25. Kg3 {[%clk 0:11:39]} Rh5
{[%clk 0:05:18]} 26. f4 {[%clk 0:09:53]} Qxd3+ {[%clk 0:03:37]} 27. Rf3
{[%clk 0:10:17]} Qd2 {[%clk 0:03:01]} 28. Rf2 {[%clk 0:10:29]} Rxg5+
{[%clk 0:01:37]} 29. fxg5 {[%clk 0:10:58]} Qxg5+ {[%clk 0:02:05]} 30. Kh2
{[%clk 0:06:51]} Qh4+ {[%clk 0:01:13]} 31. Kg1 {[%clk 0:07:20]} Be4
{[%clk 0:01:24]} 32. Re2 {[%clk 0:01:54]} Qh1+ {[%clk 0:01:00]} 33. Kf2
{[%clk 0:02:23]} Qg2+ {[%clk 0:00:37]} 34. Ke1 {[%clk 0:02:11]} Qh1+
{[%clk 0:01:01]} 35. Kf2 {[%clk 0:02:39]} Qxa1 {[%clk 0:01:11]} 36. Rxe4
{[%clk 0:02:18]} Qxb2+ {[%clk 0:01:30]} 37. Re2 {[%clk 0:01:13]} Qb6
{[%clk 0:01:38]} 38. Qxb6 {[%clk 0:01:35]} axb6 {[%clk 0:02:06]} 39. Kf3
{[%clk 0:00:53]} Ra3+ {[%clk 0:01:43]} 40. Kf4 {[%clk 0:31:16]} Ra4+
{[%clk 0:31:57]} 41. Kf3 {[%clk 0:31:38]} Kf8 {[%clk 0:28:14]} 42. Rb2
{[%clk 0:31:45]} Ra6 {[%clk 0:27:33]} 43. a4 {[%clk 0:32:06]} Rxa4
{[%clk 0:27:19]} 44. Rxb6 {[%clk 0:32:30]} Ra7 {[%clk 0:27:43]} 45. Rb1
{[%clk 0:29:56]} g6 {[%clk 0:25:09]} 46. Rc1 {[%clk 0:29:51]} Ra5
{[%clk 0:25:12]} 47. Kf4 {[%clk 0:28:54]} Rb5 {[%clk 0:24:17]} 0-1

[Event "Russian Team Championships 2014 (women)"]
[Site "Sochi (Loo)"]
[Date "2014.04.09"]
[Round "3.5"]
[White "Galliamova, Alisa"]
[Black "Cmilyte, Viktorija"]
[Result "0-1"]
[LiveChessVersion "1.4.2"]
[BlackElo "2511"]
[WhiteElo "2458"]
[BlackTeam "Ugra"]
[WhiteTeam "Ladja"]

1. d4 {[%clk 1:30:58]} Nf6 {[%clk 1:30:50]} 2. c4 {[%clk 1:31:20]} c5
{[%clk 1:31:14]} 3. d5 {[%clk 1:31:34]} b5 {[%clk 1:31:37]} 4. Nf3
{[%clk 1:31:17]} g6 {[%clk 1:31:28]} 5. cxb5 {[%clk 1:30:55]} a6 {[%clk 1:31:45]}
6. b6 {[%clk 1:30:20]} d6 {[%clk 1:31:06]} 7. Nc3 {[%clk 1:30:24]} Bg7
{[%clk 1:31:12]} 8. e4 {[%clk 1:26:30]} Nbd7 {[%clk 1:30:41]} 9. a4
{[%clk 1:19:25]} Qxb6 {[%clk 1:28:28]} 10. a5 {[%clk 1:19:34]} Qc7
{[%clk 1:28:16]} 11. h3 {[%clk 1:17:46]} O-O {[%clk 1:25:07]} 12. Bc4
{[%clk 1:16:29]} Rb8 {[%clk 1:21:13]} 13. O-O {[%clk 1:15:18]} Nh5
{[%clk 1:20:06]} 14. Qe2 {[%clk 1:03:13]} Qa7 {[%clk 1:19:44]} 15. Ra2
{[%clk 0:51:59]} Nhf6 {[%clk 1:07:45]} 16. b3 {[%clk 0:44:05]} Ne8
{[%clk 1:04:05]} 17. Bb2 {[%clk 0:43:38]} Nc7 {[%clk 1:04:10]} 18. Na4
{[%clk 0:34:00]} Bxb2 {[%clk 1:04:08]} 19. Qxb2 {[%clk 0:33:52]} Nb5
{[%clk 0:59:20]} 20. e5 {[%clk 0:32:41]} Qc7 {[%clk 0:57:28]} 21. Re1
{[%clk 0:26:11]} dxe5 {[%clk 0:52:56]} 22. Nxe5 {[%clk 0:26:06]} Qxa5
{[%clk 0:52:23]} 23. Re3 {[%clk 0:15:59]} Nxe5 {[%clk 0:52:23]} 24. Qxe5
{[%clk 0:15:50]} Rb7 {[%clk 0:48:59]} 25. Nc3 {[%clk 0:09:28]} Qb6
{[%clk 0:48:39]} 26. Ne4 {[%clk 0:08:45]} Qc7 {[%clk 0:29:23]} 27. f4
{[%clk 0:06:11]} Nd6 {[%clk 0:15:22]} 28. Nxd6 {[%clk 0:05:57]} exd6
{[%clk 0:15:42]} 29. Qf6 {[%clk 0:04:52]} Qd8 {[%clk 0:14:54]} 30. Qxd8
{[%clk 0:04:38]} Rxd8 {[%clk 0:15:22]} 31. Rxa6 {[%clk 0:04:33]} Kf8
{[%clk 0:15:36]} 32. Ra8 {[%clk 0:02:44]} Re7 {[%clk 0:15:55]} 33. Kf2
{[%clk 0:02:45]} Rxe3 {[%clk 0:14:22]} 34. Kxe3 {[%clk 0:03:12]} Ke7
{[%clk 0:14:14]} 35. Bb5 {[%clk 0:02:40]} h5 {[%clk 0:13:09]} 36. Ra7+
{[%clk 0:00:58]} Kf6 {[%clk 0:13:25]} 37. Ra8 {[%clk 0:01:18]} Ke7
{[%clk 0:13:24]} 38. h4 {[%clk 0:01:29]} Bf5 {[%clk 0:12:39]} 39. Ra7+
{[%clk 0:01:22]} Kf6 {[%clk 0:12:50]} 40. g3 {[%clk 0:31:28]} Rb8
{[%clk 0:41:34]} 41. Ba4 {[%clk 0:24:59]} Bc2 {[%clk 0:36:41]} 42. Rd7
{[%clk 0:15:59]} Rb6 {[%clk 0:31:20]} 43. Kd2 {[%clk 0:03:03]} Be4
{[%clk 0:25:28]} 44. b4 {[%clk 0:03:09]} Rxb4 {[%clk 0:20:43]} 45. Rxd6+
{[%clk 0:03:33]} Kg7 {[%clk 0:21:08]} 46. Bd1 {[%clk 0:03:49]} Rd4+
{[%clk 0:20:46]} 47. Ke3 {[%clk 0:02:43]} Bxd5 {[%clk 0:11:37]} 48. Bf3
{[%clk 0:02:43]} Bxf3 {[%clk 0:11:10]} 49. Rxd4 {[%clk 0:03:08]} cxd4+
{[%clk 0:11:37]} 50. Kxf3 {[%clk 0:03:34]} Kf6 {[%clk 0:12:03]} 51. Ke4
{[%clk 0:03:48]} d3 {[%clk 0:12:14]} 52. Kxd3 {[%clk 0:04:11]} Kf5
{[%clk 0:12:40]} 53. Ke3 {[%clk 0:04:05]} Kg4 {[%clk 0:13:06]} 54. Kf2
{[%clk 0:03:58]} Kh3 {[%clk 0:13:26]} 55. f5 {[%clk 0:01:54]} gxf5
{[%clk 0:13:52]} 56. Kf3 {[%clk 0:02:21]} f6 {[%clk 0:14:06]} 57. Kf2
{[%clk 0:02:10]} Kg4 {[%clk 0:14:10]} 0-1